On SUSY restoration in single-superfield inflationary models of supergravity; The European Physical Journal C; Vol. 76, iss. 1
| Parent link: | The European Physical Journal C: Scientific Journal.— , 1998- Vol. 76, iss. 1.— 2016.— [438, 9 p.] |
|---|---|
| Autore principale: | |
| Ente Autore: | |
| Altri autori: | |
| Riassunto: | Title screen We study the conditions of restoring supersymmetry(SUSY) after inflation in the supergravity-based cosmologicalmodels with a single chiral superfield and a quarticstabilization term in the Kahler potential. Some new, explicit,and viable inflationary models satisfying those conditionsare found. The inflaton’s scalar superpartner is dynamicallystabilized during and after inflation. We also demonstrate apossibility of having small and adjustable SUSY breakingwith a tiny cosmological constant. Режим доступа: по договору с организацией-держателем ресурса |
| Lingua: | inglese |
| Pubblicazione: |
2016
|
| Soggetti: | |
| Accesso online: | http://dx.doi.org/10.1140/epjc/s10052-016-4283-6 |
| Natura: | MixedMaterials Elettronico Capitolo di libro |
| KOHA link: | https://koha.lib.tpu.ru/cgi-bin/koha/opac-detail.pl?biblionumber=655531 |
MARC
| LEADER | 00000naa0a2200000 4500 | ||
|---|---|---|---|
| 001 | 655531 | ||
| 005 | 20250319141727.0 | ||
| 035 | |a (RuTPU)RU\TPU\network\21718 | ||
| 035 | |a RU\TPU\network\21230 | ||
| 090 | |a 655531 | ||
| 100 | |a 20170911d2016 k||y0rusy50 ba | ||
| 101 | 0 | |a eng | |
| 135 | |a drcn ---uucaa | ||
| 181 | 0 | |a i | |
| 182 | 0 | |a b | |
| 200 | 1 | |a On SUSY restoration in single-superfield inflationary models of supergravity |f S. V. Ketov, T. Takahiro | |
| 203 | |a Text |c electronic | ||
| 300 | |a Title screen | ||
| 320 | |a [References: 16 tit.] | ||
| 330 | |a We study the conditions of restoring supersymmetry(SUSY) after inflation in the supergravity-based cosmologicalmodels with a single chiral superfield and a quarticstabilization term in the Kahler potential. Some new, explicit,and viable inflationary models satisfying those conditionsare found. The inflaton’s scalar superpartner is dynamicallystabilized during and after inflation. We also demonstrate apossibility of having small and adjustable SUSY breakingwith a tiny cosmological constant. | ||
| 333 | |a Режим доступа: по договору с организацией-держателем ресурса | ||
| 461 | |t The European Physical Journal C |o Scientific Journal |d 1998- | ||
| 463 | |t Vol. 76, iss. 1 |v [438, 9 p.] |d 2016 | ||
| 610 | 1 | |a электронный ресурс | |
| 610 | 1 | |a труды учёных ТПУ | |
| 610 | 1 | |a суперсимметрии | |
| 610 | 1 | |a космологические модели | |
| 610 | 1 | |a реликтовое излучение | |
| 610 | 1 | |a инвариантность | |
| 610 | 1 | |a тензор | |
| 700 | 1 | |a Ketov |b S. V. |c physicist |c Professor of Tomsk Polytechnic University, Doctor of physical and mathematical sciences |f 1960- |g Sergey Vladimirovich |3 (RuTPU)RU\TPU\pers\36631 |9 19672 | |
| 701 | 1 | |a Takahiro |b T. |g Terada | |
| 712 | 0 | 2 | |a Национальный исследовательский Томский политехнический университет (ТПУ) |b Физико-технический институт (ФТИ) |b Кафедра прикладной физики (№ 12) (ПФ) |3 (RuTPU)RU\TPU\col\18729 |
| 801 | 2 | |a RU |b 63413507 |c 20170911 |g RCR | |
| 856 | 4 | |u http://dx.doi.org/10.1140/epjc/s10052-016-4283-6 | |
| 942 | |c CF | ||